000 00809nam a2200217Ia 4500
003 GCL
008 140319s9999 xx 000 0 eng d
040 _aGCL /
_cGCL
082 0 4 _aCC
_b905
_bI B
100 1 _aINSTITUT FRENCAIS D'ARCHEOLOGIE ORIENTAL
245 1 0 _aBULLETIN DE L'INSTITUT FRANCAIS D'ARCHAEOLOGIE ORIENTALE : TOME 15-16-17-18-19 - 76-78*2 PARTS 79*2 PARTS - 81 - 82 -83 - 84 - 85 - 86 - 87 - 90 - 91 - 93 - 94 - 95*2 PARTS - 97 - 98 - 99 -100 - 101 /
_cINSTITUT FRENCAIS D'ARCHEOLOGIE ORIENTAL
260 _aالقاهرة :
_bINSTITUT FRANCAIS D'ARCHEOLOGIE ORIENTAL ،
_c1995
300 _a32 CM ؛
_c27 VOLS.
650 0 4 _aHISTORIANS
650 0 4 _aANCIENT EGYPT
650 0 4 _aHISTORY
650 0 4 _aARCHAEOLOGY
650 0 4 _aEGYPTOLOGY
650 0 4 _aPERIODICALS
942 _2ddc
_cBK
999 _c25433
_d25433